Biblioteka Instytutu Północnego w Olsztynie

Widok standardowy Widok MARC

Pozycja Personal Name

Liczba rekordów, w których użyto hasła: 2

001 - Numer kontrolny

  • control field: 39672

003 - Identyfikator numeru kontrolnego

  • control field: NUKAT

005 - Data i czas ostatniej modyfikacji

  • control field: 20260408144625.0

008 - Dane kontrolne kodowane (40 znaków)

  • fixed length control field: 051027n||a|znnaabn |a aaa |c

010 ## - Numer kontrolny Biblioteki Kongresu

  • numer kontrolny LC: n 2005143805

040 ## - Instytucja sporządzająca rekord

  • inst. przygot. dane do rek. khw: LUBL KUL/IM
  • język haseł przedmiotowych/tezaurus: kaba
  • inst. wprow. rek. khw: LUBL KUL/IM

100 1# - Hasło - nazwa osobowa

  • nazwa osobowa w formie ujednoliconej: Mackiewicz, Beata.

670 ## - Źródło informacji

  • źródło informacji: Lourdes / Joseph Bordes. - Vic-en-Bogorre, 1991.
  • gdzie znaleziono informację: Tł.

670 ## - Źródło informacji

  • źródło informacji: Opale online
Biblioteka Instytutu Północnego, ul. Partyzantów 87, 10-402 Olsztyn, email: biblioteka(at)ip.olsztyn.pl